| 000 | 00805nam a22002297a 4500 | ||
|---|---|---|---|
| 999 |
_c12987 _d12987 |
||
| 003 | AR-CdUCM | ||
| 008 | 190410b ||||| |||| 00| 0 spa d | ||
| 040 |
_aMUNICIPALIDAD PROVINCIAL DEL CUSCO _cBIBLIOTECA MUNICIPAL DEL CUSCO |
||
| 082 |
_a808.81 / _bB61 |
||
| 100 |
_aBlack, C. E. _931138 |
||
| 245 | _aEuropa conquistada / | ||
| 260 |
_aBarcelona : _bHispano - europea, _c1956. |
||
| 300 |
_a236 páginas ; _c21 cm. |
||
| 440 |
_aTemas y problemas de nuestro tiempo _nSerie A _931139 |
||
| 505 | _aContenido : La política de la europa oriental -- La evolución de una sociedad agraria -- Hacia una seguridad regional. | ||
| 650 |
_aPolítica _9291 |
||
| 650 |
_aSociedad _953 |
||
| 650 |
_aEuropa _91221 |
||
| 700 |
_aRipka, Hubert _931140 |
||
| 942 |
_2ddc _cLIBROS |
||
| 945 |
_arah _d10/04/2019 |
||